=LDR 00000nam 2200000 4500 =001 INLIS000000000036436 =005 20130612142226 =008 ***********************************Ind** =035 ##$$0010-061300000036436 =041 ##$$a Ind =082 ##$$a 796.52 =090 ##$$a 796.52, Pra p =100 ##$$a Pratikno, Nungky Irma Nurmala =245 ##$$a Perempuan merah putih, kisah pendakian ke puncak eropah, Nungky Irma Nurmala Prtikno =260 ##$$a Pustaka Utama $b Jakarta =300 ##$$a x, 125 hlm, ilus, 21 cm =650 ##$$a Mendaki gunung =850 ##$$a NBPNMAT =990 ##$$a 0001/BPAP-NTB/2016